La metamorfosis y otros relatos /

Guardado en:
Autor Principal: Kafka, Franz
Otros Autores: Llovet, Jordi; int., Borges, Jorge Luis; trad.
Formato: Libro
Publicado: Madrid : Planeta, 2000
Series:Biblioteca La Nación
Materias:
Etiquetas: Agregar Etiqueta
Sin Etiquetas, Sea el primero en etiquetar este registro!
LEADER 00974nam a22002535a 4500
001 CEM.cems013972
005 20130605155320.0
008 130507s2000##################000#0#####d
003 CEMS
020 |a 8408036521 
082 0 4 |a 891.863 
100 1 |a Kafka, Franz 
245 1 0 |a La metamorfosis y otros relatos /  |c Franz Kafka ; introducción de Jordi Llovet ; traducción de Jorge Luis Borges 
260 |a Madrid :  |b Planeta,  |c 2000 
300 |a 120 p. 
490 0 |a Biblioteca La Nación 
500 |a Título original: Die Verwandlung 
505 0 |a La metamorfosis -- La edificación de la muralla china -- Un artista del hambre -- Un artista del trapecio -- Una cruza -- El buitre -- El escudo de la ciudad -- Prometeo -- Una consfusión cotidiana 
653 |a Literatura 
653 |a Literatura húngara 
653 |a Cuentos 
700 1 |a Llovet, Jordi; int. 
700 1 |a Borges, Jorge Luis; trad. 
859 |a CEMS  |b BIB. CEMS - 11 de abril  |h 891.863  |i K110-9  |p 26661.13  |t Ej.1